|
|
|
|
| LEADER |
02858nam a2200601 4500 |
| 001 |
ocn326626480 |
| 003 |
OCoLC |
| 005 |
20180501121920.0 |
| 006 |
m o d |
| 007 |
cr un|---||||| |
| 008 |
941208s1994 caua ob 001 0 eng d |
| 040 |
|
|
|a SCPER
|b eng
|e pn
|c CUSER
|d OCLCQ
|d AZU
|d OCLCQ
|d OPELS
|d OCLCQ
|d OPELS
|d OCLCF
|d KUK
|d OCLCO
|d OCLCQ
|d YDXCP
|d OCLCQ
|d TFH
|d OCLCO
|d KIJ
|d MERER
|d OCLCQ
|d GrThAP
|
| 019 |
|
|
|a 56561142
|a 1005768200
|
| 020 |
|
|
|a 0121821293
|q (electronic bk.)
|
| 020 |
|
|
|a 9780121821296
|q (electronic bk.)
|
| 035 |
|
|
|a (OCoLC)326626480
|z (OCoLC)56561142
|z (OCoLC)1005768200
|
| 050 |
|
4 |
|a QP601
|b .M49 vol. 228
|
| 050 |
|
4 |
|a QH585.5.C43
|
| 060 |
|
4 |
|a W1
|b ME9615K v.228 1994
|
| 060 |
|
4 |
|a QH 585.5C43
|b A656 1994
|
| 082 |
0 |
4 |
|a 660.6
|2 20
|
| 049 |
|
|
|a TEFA
|
| 245 |
0 |
0 |
|a Aqueous two-phase systems /
|c edited by Harry Walter, Göte Johansson.
|
| 260 |
|
|
|a San Diego :
|b Academic Press,
|c ©1994.
|
| 300 |
|
|
|a 1 online resource (xxx, 725 pages) :
|b illustrations.
|
| 336 |
|
|
|a text
|b txt
|2 rdacontent
|
| 337 |
|
|
|a computer
|b c
|2 rdamedia
|
| 338 |
|
|
|a online resource
|b cr
|2 rdacarrier
|
| 490 |
1 |
|
|a Methods in enzymology,
|x 0076-6879 ;
|v v. 228
|
| 504 |
|
|
|a Includes bibliographical references and indexes.
|
| 588 |
0 |
|
|a Print version record.
|
| 520 |
|
|
|a This volume of Methods in Enzymology represents the sole collection of separation methods based on aqueous two-phase systems. It includes procedures for the isolation of proteins, especially enzymes, nucleic acids, cell membranes, and organelles, as well as for the separation and study of cells. Key Features * Use of affinity partitioning for enzyme purification * Separation and study of cells * Isolation of plasma membranes * Large scale biotechnical use.
|
| 650 |
|
0 |
|a Separation (Technology)
|
| 650 |
|
0 |
|a Phase partition.
|
| 650 |
|
0 |
|a Biochemistry
|x Technique.
|
| 650 |
|
0 |
|a Biotechnology
|x Technique.
|
| 650 |
|
7 |
|a Biochemistry
|x Technique.
|2 fast
|0 (OCoLC)fst00831987
|
| 650 |
|
7 |
|a Biotechnology
|x Technique.
|2 fast
|0 (OCoLC)fst00832786
|
| 650 |
|
7 |
|a Phase partition.
|2 fast
|0 (OCoLC)fst01060398
|
| 650 |
|
7 |
|a Separation (Technology)
|2 fast
|0 (OCoLC)fst01112723
|
| 650 |
0 |
2 |
|a Cell fractionation
|x methods [MESH]
|
| 650 |
0 |
2 |
|a Cell separation
|x methods [MESH]
|
| 650 |
0 |
2 |
|a Polymers
|x chemistry [MESH]
|
| 650 |
0 |
2 |
|a Polymers
|x isolation & purification [MESH]
|
| 650 |
0 |
2 |
|a Biochemistry
|x methods [MESH]
|
| 653 |
0 |
|
|a Polymers
|a Biotechnology
|
| 655 |
|
4 |
|a Electronic books.
|
| 655 |
|
7 |
|a Electronic books.
|2 lcgft
|
| 700 |
1 |
|
|a Walter, Harry.
|
| 700 |
1 |
|
|a Johansson, Göte.
|
| 776 |
0 |
8 |
|i Print version:
|t Aqueous two-phase systems.
|d San Diego : Academic Press, ©1994
|z 0121821293
|w (OCoLC)30341463
|
| 830 |
|
0 |
|a Methods in enzymology ;
|v v. 228.
|x 0076-6879
|
| 856 |
4 |
0 |
|u https://www.sciencedirect.com/science/bookseries/00766879/228
|z Full Text via HEAL-Link
|